000 00703nam a2200193Ia 4500
003 GCL
008 140319s9999 xx 000 0 ara d
040 _aGCL /
_cGCL
082 0 4 _a219.1
_bع ا
100 1 _aعمرو عبدالمنعم سليم
245 1 0 _aالاداب الشرعية للنساء فى زيارة المقابر /
_cعمرو عبدالمنعم سليم
260 _a[S.N] :
_bمؤسسة قرطبة
490 _aسلسلة الاداب الشرعية للنساء
_v0
650 0 4 _aالاخلاق الاسلامية
650 0 4 _aالاداب الاسلامية
650 0 4 _aالشريعة الاسلامية
650 0 4 _aالمرأة فى الاسلام
942 _2ddc
_cBK
999 _c52715
_d52715